Box office 2023 par images restreintes - Statistiques

Statistiques générales
  • Ce quiz a été pris 356 fois
  • Le résultat moyen est 9 sur 12
Statistiques - réponses
Par images Réponse % Correct
Barbie
100%
Super Mario Bros. le film
100%
Astérix et Obélix : L'Empire du Milieu
94%
Oppenheimer
90%
Wonka
75%
Élémentaire
73%
Les Gardiens de la Galaxie Vol. 3
67%
Les Trois Mousquetaires : D'Artagnan
65%
Mission impossible : Dead Reckoning, partie 1
62%
Indiana Jones et le Cadran de la destinée
55%
Alibi.com 2
51%
Wish : Asha et la Bonne Étoile
45%
Aucun quiz correspondant
Distribution des résultats
% des personnes avec chaque résultat
Percentile par nombre de réponses
Votre historique - résultats
Vous n’avez pas pris ce quiz